ロード中...

മലയാള മഹാനിഘണ്ടു. വാല്യം. രണ്ട്

書誌詳細
その他の著者: ശൂരനാട്ടു കുഞ്ഞ൯ പിള്ള, എഡി, Suranad Kunjan Pillai, Ed
フォーマット: Printed Book
出版事項: Thiruvananthapuram; Kerala University; 1970
版:1st
主題:
LEADER 00756nam a22001697a 4500
082 |a 413  |b MAL/M L0 
240 |a Malayalam Lexicon. Vol. II 
245 |a മലയാള മഹാനിഘണ്ടു. വാല്യം. രണ്ട് 
250 |a 1st 
260 |a Thiruvananthapuram;  |b Kerala University;  |c 1970 
650 |a മലയാളം; നിഘണ്ടു  |9 299239 
650 |a Malayalam; Dictionary   |9 299240 
700 |a ശൂരനാട്ടു കുഞ്ഞ൯ പിള്ള, എഡി.  |9 73366 
700 |a Suranad Kunjan Pillai, Ed.  |9 299241 
942 |c BK 
999 |c 46060  |d 46060 
952 |0 0  |1 0  |4 0  |6 413_000000000000000_MAL_M_L0  |7 0  |8 Dic  |9 53821  |a MAL  |b MAL  |d 2015-11-18  |e 39112  |g 50.00  |l 0  |o 413 MAL/M L0  |p MAL039112  |r 2015-11-18  |t 1  |w 2015-11-18  |y BK